000 00467 a2200181 4500
999 _c6316
_d6316
020 _a0330302620
050 0 0 _aQH 308 BUZ 1988
100 1 _aBuzan, Tony.
_eauthor
245 1 0 _aMake the most of your mind /
_cby Tony Buzan.
264 _aLondon:
_bPan Books,
_c1988
300 _a191 p. :
_bill.
500 _aIncludes index.
650 0 _aIntellect.
650 0 _aThought and thinking.
650 0 _aBrain.
650 0 _aSuccess.
942 _2lcc
_cBK
_h308
_iBUZ
_kQH